مكتبة جامعة عجلون الوطنية

فهرس بحث المكتبة

Normal view MARC view
  • العمري، ابن فضل الله؛ تحقيق الدروبي، سمير

Entry Personal Name

Number of records used in: 1

001 - CONTROL NUMBER

  • control field: 45409

003 - CONTROL NUMBER IDENTIFIER

  • control field: JO-AjAnu

005 - DATE AND TIME OF LATEST TRANSACTION

  • control field: 20230606081518.0

008 - FIXED-LENGTH DATA ELEMENTS

  • fixed length control field: 230606|| aca||aabn | a|a d

040 ## - CATALOGING SOURCE

  • Original cataloging agency: JO-AjAnu
  • Transcribing agency: JO-AjAnu

100 ## - HEADING--PERSONAL NAME

  • Personal name: العمري، ابن فضل الله؛ تحقيق الدروبي، سمير

670 ## - SOURCE DATA FOUND

  • Source citation: Work cat.: (JO-AjAnu)23249: العمري، ابن فضل الله؛ تحقيق الدروبي، سمير, author, التعريف بالمصطلح الشريف